ბათუმის შოთა რუსთაველის სახელმწიფო უნივერსიტეტის ბიბლიოთეკა

ორფიკული არგონავტიკა / (ბიბ.ჩანაწერი № 55966)

000 -ლიდერი
ფიქსირებული სიგრძის საკონტროლო ველი 01309nam a2200241Ia 4500
001 - საკონტროლო ნომერი
საკონტროლო ველი 23065
003 - საკონტროლო ნომრის იდენტიფიკატორი
საკონტროლო ველი GE_BSU
005 - ბოლო ოპერაციის თარიღი და დრო
საკონტროლო ველი 20230609145320.0
008 - ფიქსირებული სიგრძის მონაცემთა ელემენტები - ზოგადი ინფორმაცია
ფიქსირებული სიგრძის საკონტროლო ველი 181216s1977ge xx |||||||||||||| ||geo||
040 ## - კატალოგიზაციის წყარო
Transcribing agency GE_BSU
041 ## - ენის კოდი
Language code of text/sound track or separate title geo
080 ## - უნივერსალური ათობითი კლასიფიკაციის ინდექსი
Universal Decimal Classification number 821.14'01-13 ო-66
245 ## - ცნობა სათაურის შესახებ
Title ორფიკული არგონავტიკა /
Statement of responsibility, etc ძველბერძნულიდან თარგმნა და გამოკვლევა დაურთო ნ. მელაშვილმა ; შენიშვნები და საძიებელი აკ. ურუშაძისა
264 ## - წარმოების, გამოცემის, დისტრიბუციის და სხვა ცნობები
გამოცემის, წარმოების, დისტრიბუციის... ადგილი თბილისი :
გამოცემის, წარმოების, დისტრიბუციის... სახელწოდება თბილ. უნ-ტის გამ-ბა,
გამოცემის, წარმოების, დისტრიბუციის... თარიღი 1977.
300 ## - ფიზიკური აღწერა
Extent 138 გვ. ;
Other physical details 20 სმ.
440 ## - სერიის ცნობა / დამატებულია ჩანაწერი - სათაური
Title თბილ. უნ-ტის ბერძნულ-ლათინური ბიბ-კა.
9 (RLIN) 18596
501 ## - შენიშვნა თანმხლებ მასალაზე
With note საძიებელი: გვ. 133-137
546 ## - LANGUAGE NOTE
Language note პარალ. სათ. რუს. და ინგლ. ენ.
653 ## - INDEX TERM--UNCONTROLLED
Uncontrolled term ორფიკული არგონავტიკა
700 ## - ADDED ENTRY--PERSONAL NAME
Personal name მელაშვილი, ნ
Relator term მთარგმნელი
9 (RLIN) 18597
700 ## - ADDED ENTRY--PERSONAL NAME
Personal name ურუშაძე, აკ
Relator term შენიშვნები და საძიებელი
9 (RLIN) 16070
942 ## - ADDED ENTRY ELEMENTS (KOHA)
Koha item type წიგნი
Source of classification or shelving scheme
ეგზემპლარები
ჩამოწერის სტატუსი დაკარგული ეგზემპლარის სტატუსი კლასიფიკაციის წყარო ან თაროზე გაწყობის სქემა დაზიანების სტატუსი არ გაიცემა მუდმივი მდებარეობა (დაცვის ადგილი) ამჟამინდელი ადგილსამყოფელი თაროზე განთავსების ადგილი შეძენის თარიღი ღირებულება, შესყიდვის ნორმალური ფასი სრული შენახვის შიფრი შტრიხკოდი ბოლო ოპერაციის თარიღი ეგზემპლარის მიმდევრობითი ნომერი (კეტერი?) ფასის ძალაში შესვლის თარიღი ეგზემპლარის სახეობა საჯარო შენიშვნა Uniform Resource Identifier
          ბათუმის შოთა რუსთაველის სახელმწიფო უნივერსიტეტის მთავარი ბიბლიოთეკა ბათუმის შოთა რუსთაველის სახელმწიფო უნივერსიტეტის მთავარი ბიბლიოთეკა წიგნსაცავი 2018-12-17 1.00 821.14'01-13 ო-66 58490 2018-12-17 58490 2018-12-17 წიგნი 1 ლ. 76თ.  
          ბათუმის შოთა რუსთაველის სახელმწიფო უნივერსიტეტის მთავარი ბიბლიოთეკა ბათუმის შოთა რუსთაველის სახელმწიფო უნივერსიტეტის მთავარი ბიბლიოთეკა წიგნსაცავი 2023-06-09 3.00 821.14'01-13 ო-66 64617 2023-06-09 64617 2023-06-09 წიგნი 3.00 ბსუ-ს საპატიო დოქტორის გურამ ლორთქიფანიძის საჩუქარი